[Event "22nd Alekhine FIDE 2018"]
[Site "Voronezh"]
[Date "2018.06.19"]
[Round "8"]
[White "Bobkov, Vadim"]
[Black "Zaitseva, Lyudmila"]
[Result "1-0"]
[WhiteElo "2058"]
[BlackElo "1954"]
[Annotator "NA RC"]
[PlyCount "103"]
[EventDate "2018.??.??"]
[EventType "swiss"]
[EventCountry "RUS"]
[SourceTitle "playchess.com"]
[Source "ChessBase"]
[SourceQuality "1"]
[TimeControl "5400+30"]

{[%evp 8,102,22,32767,32767,32767,17,32767,10,32767,-12,-30,-6,-11,-12,-11,-6,5,20,-8,0,3,5,6,23,0,0,0,-6,0,-14,-8,32767,-39,0,32767,32767,32767,32767,32767,32767,32767,32767,32767,32767,32767,32767,32767,32767,32767,122,127,133,32767,32767,32767,32767,32767,32767,32767,32767,32767,153,120,128,119,111,109,125,102,96,114,126,115,150,150,32767,32767,32767,32767,32767,234,372,302,426,420,5102,5097,5917,5122,5181,32767,32767,32767,32767,32767,12846]} 1. d4 {[%emt 0:00:00]} Nf6 {[%emt 0:00:07]} 2. c4 {[%emt 0:00:00]} e6 {[%emt 0:00:08]} 3. g3 {[%emt 0:00:00]} b6 {[%emt 0:00:14]} 4. Bg2 {[%emt 0:00:00]} d5 {[%emt 0:00:16]} 5. Nf3 {[%emt 0:01:55]} Bb7 {[%emt 0:00:45]} 6. O-O {[%emt 0:00:31]} Be7 {[%emt 0:00:22] LiveBook: 158 Games} 7. Nbd2 {[%emt 0:00:36]} O-O {[%emt 0:00:29]} 8. Qc2 {[%emt 0:00:09]} Nbd7 {[%emt 0:02:21]} 9. cxd5 {[%emt 0:02:17]} exd5 {[%emt 0:00:24]} 10. b3 {[%emt 0:00:39]} c5 {[%emt 0:01:42]} 11. dxc5 {[%emt 0:00:16]} bxc5 {[%emt 0:00:13]} 12. Bb2 {[%emt 0:00:03]} Rc8 {[%emt 0:04:25]} 13. Rac1 {[%emt 0:00:15]} Qb6 {[%emt 0:07:07]} 14. Rfd1 {[%emt 0:00:49]} Rfd8 {[%emt 0:04:11]} 15. e3 {[%emt 0:03:29]} Nf8 {[%emt 0:11:46]} 16. Qb1 {[%emt 0:02:42]} Ne6 {[%emt 0:03:42]} 17. Qa1 {[%emt 0:00:47]} Ne8 {[%emt 0:15:51]} 18. Ne5 {[%emt 0:07:11]} Bf6 {[%emt 0:16:21]} 19. Ndf3 {[%emt 0:12:49]} Nd6 {[%emt 0:06:04]} 20. Ne1 {[%emt 0:25:24] [#]} d4 $1 21. exd4 {[%emt 0:00:30]} cxd4 {[%emt 0:18:30]} 22. Rxc8 {[%emt 0:00:57]} Rxc8 {[%emt 0:00:48]} 23. Nd7 {[%emt 0:01:09]} Qd8 {[%emt 0:09:30]} 24. Nxf6+ {[%emt 0:00:02]} Qxf6 {[%emt 0:00:14]} 25. Bxb7 {[%emt 0:03:42]} Nxb7 {[%emt 0:00:15]} 26. Bxd4 {[%emt 0:00:08]} Nxd4 {[%emt 0:00:40]} 27. Qxd4 {[%emt 0:00:08]} Qxd4 {[%emt 0:06:10]} 28. Rxd4 {[%emt 0:00:00]} Rc7 {[%emt 0:01:24]} 29. Nd3 {[%emt 0:01:53]} f6 {[%emt 0:00:30]} 30. Kg2 {[%emt 0:00:30]} Kf7 {[%emt 0:00:30]} 31. Kf3 {[%emt 0:00:30]} Ke7 {[%emt 0:00:30]} 32. Rc4 {[%emt 0:00:30]} Rd7 {[%emt 0:00:30]} 33. Nc5 {[%emt 0:00:30]} Nxc5 {[%emt 0:00:30]} 34. Rxc5 {[%emt 0:00:30]} Kd6 {[%emt 0:00:30]} 35. Rc2 {[%emt 0:00:30]} Re7 {[%emt 0:00:30]} 36. Re2 {[%emt 0:00:30]} Rc7 {[%emt 0:00:30]} 37. Rd2+ {[%emt 0:00:30]} Ke5 {[%emt 0:00:30]} 38. Ke3 {[%emt 0:00:30]} Rc3+ {[%emt 0:00:30]} 39. Rd3 {[%emt 0:00:30]} Rc7 {[%emt 0:00:30]} 40. b4 {[%emt 0:00:30]} g6 {[%emt 0:00:30]} 41. b5 {[%emt 0:00:30]} Rd7 {[%emt 0:04:00]} 42. Rd2 {[%emt 0:05:37]} Rc7 {[%emt 0:00:58]} 43. Rd3 {[%emt 0:03:02]} Rc2 {[%emt 0:02:12]} 44. Ra3 {[%emt 0:00:24]} Rc5 $2 {[%emt 0:01:03]} (44... Rc7 {might work better.} 45. Ra6 f5) 45. Ra5 {[%emt 0:01:25]} ({Schwächer ist} 45. Rxa7 Rxb5 46. Rxh7 Ra5 $16) 45... a6 {[%emt 0:01:29]} 46. a4 {[%emt 0:00:53]} axb5 (46... Rc3+ $142 47. Kd2 Kd4 48. bxa6 Rc8) 47. Rxb5 {[%emt 0:00:01]} Rxb5 {[%emt 0:01:08]} 48. axb5 {[%emt 0:00:00]} Kd5 {[%emt 0:00:14]} 49. b6 {[%emt 0:00:36]} Kc6 {[%emt 0:00:01]} 50. Ke4 {[%emt 0:00:10]} Kxb6 {[%emt 0:00:02]} 51. Kd5 {[%emt 0:00:00]} Kb5 $18 {[%emt 0:00:50]} 52. Ke6 {[%emt 0:00:43]} 1-0

[Event "22nd Alekhine FIDE 2018"]
[Site "Voronezh"]
[Date "2018.06.19"]
[Round "8"]
[White "Selensky, Andrey"]
[Black "Garafutdinov, Ainur"]
[Result "0-1"]
[WhiteElo "2040"]
[BlackElo "2122"]
[Annotator "TA"]
[PlyCount "60"]
[EventDate "2018.??.??"]
[EventType "swiss"]
[EventCountry "RUS"]
[SourceTitle "playchess.com"]
[Source "ChessBase"]
[SourceQuality "1"]

{[%evp 9,60,27,50,18,44,16,70,-35,-10,-20,16,4,23,-18,-25,-50,-51,-95,-81,-131,-118,-100,-97,-106,-98,-224,-230,-249,-266,-245,-253,-267,-172,-333,-321,-300,-296,-284,-256,-273,-265,-269,-261,-298,-288,-495,-497,-672,-577,-499,-541,-1292,-1291]} 1. Nf3 f5 2. d3 g6 3. e4 d6 4. Nc3 Bg7 5. h3 $146 ({Predecessor:} 5. d4 Nf6 6. Bd3 e6 7. e5 dxe5 8. dxe5 Ng4 9. Bg5 Qd7 10. Qe2 O-O {1-0 (33) Naroditsky,D (2472)-Harper,W (2310) Saint Louis 2011}) 5... e5 6. Bg5 {A04: Unusual lines after 1 Nf3 and King's Indian Attack} Qd7 7. exf5 gxf5 (7... Qxf5 $11 8. g4 Qf7) 8. g4 ({Better is} 8. d4 $1 $14 e4 9. Nd2) 8... Qf7 9. gxf5 h6 10. Be3 Bxf5 11. Nh4 Be6 12. Be2 Nf6 13. Rg1 Nc6 14. Ne4 O-O-O ({Don't do} 14... Bxh3 15. Nxf6+ Qxf6 16. Bh5+ Kd8 17. Qf3 $11) 15. Nxf6 Bxf6 16. Bh5 Qd7 17. Rg6 (17. Ng6 $17 Rh7 18. h4) 17... Rdg8 ({Not} 17... Bxh4 {[#]} 18. Rxe6 $1 {[%mdl 512]} Rdg8 19. Bg4 $15) 18. Rxf6 {[#] Ng6 is the strong threat.} Rg1+ 19. Kd2 Rxd1+ 20. Rxd1 Bxh3 21. Rf7 $2 (21. Rg1 {was necessary.}) 21... Qe6 $19 22. Rg1 Qxa2 23. Rgg7 Qxb2 {And now ...Qb4+ would win.} 24. Rxc7+ Kb8 25. Ng6 Qb4+ 26. Ke2 Rc8 27. Rxc8+ $2 (27. Rxb7+ {only move.} Qxb7 28. Rxb7+ Kxb7 29. Bf3) 27... Bxc8 {Black is clearly winning.} 28. Bf3 Nd4+ 29. Bxd4 Qxd4 30. Ne7 e4 {Precision: White = 30%, Black = 41%.} 0-1

[Event "22nd Alekhine FIDE 2018"]
[Site "Voronezh"]
[Date "2018.06.19"]
[Round "8"]
[White "Ilyina, Lada"]
[Black "Kuzmin, Roman"]
[Result "1-0"]
[WhiteElo "2031"]
[BlackElo "1963"]
[Annotator "NA RC"]
[PlyCount "85"]
[EventDate "2018.??.??"]
[EventType "swiss"]
[EventCountry "RUS"]
[SourceTitle "playchess.com"]
[Source "ChessBase"]
[SourceQuality "1"]
[TimeControl "5400+30"]

{[%evp 10,74,-6,32767,32767,-7,12,16,5,-33,0,-29,38,32767,81,62,32767,106,156,189,316,356,333,-13,-8,-4,10,-8,44,47,142,65,64,40,246,235,225,247,383,381,372,387,385,402,32767,32767,389,427,409,401,32767,393,32767,421,32767,414,412,437,300,525,566,583,653,719,657,883,841]} 1. e4 {[%emt 0:00:00]} c5 {[%emt 0:00:05]} 2. d3 {[%emt 0:00:00]} e6 {[%emt 0:00:10]} 3. g3 {[%emt 0:00:00]} Nc6 {[%emt 0:00:18]} 4. Bg2 {[%emt 0:00:01]} d5 {[%emt 0:01:18]} 5. Nd2 {[%emt 0:00:11]} Nf6 {[%emt 0:00:23] LiveBook: 265 Games} 6. f4 {[%emt 0:00:06]} dxe4 {[%emt 0:02:05]} 7. Nxe4 {[%emt 0:02:42]} Nxe4 {[%emt 0:04:33]} 8. Bxe4 {[%emt 0:01:29]} Qc7 {[%emt 0:00:29]} 9. Ne2 {[%emt 0:02:43]} Bd6 {[%emt 0:04:28]} 10. Be3 {[%emt 0:02:57]} e5 {[%emt 0:01:53]} 11. f5 {[%emt 0:01:32]} Nd4 {[%emt 0:00:12]} 12. O-O {[%emt 0:01:33]} g6 {[%emt 0:02:29]} 13. Nxd4 {[%emt 0:12:18]} exd4 {[%emt 0:01:48] [#]} 14. Bg5 $1 {[%emt 0:04:01]} Bxg3 {[%emt 0:25:26]} (14... O-O {is a better defense.}) 15. Qe2 {[%emt 0:03:17]} Be5 {[%emt 0:00:41]} 16. Bc6+ $2 {[%emt 0:16:27]} (16. Rae1 $18) 16... bxc6 {[%emt 0:01:19]} 17. Bf6 {[%emt 0:00:09]} O-O {[%emt 0:00:10]} 18. Bxe5 {[%emt 0:00:27]} Re8 {[%emt 0:00:51]} 19. Rae1 {[%emt 0:00:29]} Qe7 {[%emt 0:00:11] [#]} (19... Qd7 $1 $14 20. Qd2 f6 21. Bxf6 Rxe1 22. Qxe1 Qf7 23. fxg6 Qxg6+ 24. Qg3 Qxg3+ 25. hxg3 Be6) 20. Qg2 {[%emt 0:00:54]} (20. Qd2 $1 $16 {[%cal Rd2h6]} Qh4 21. Bg3) 20... Bd7 {[%emt 0:04:26]} 21. Re4 {[%emt 0:03:21]} Qf8 $2 {[%emt 0:03:06] [#]} (21... Qxe5 $11 {and Black stays safe.} 22. Rxe5 Rxe5) 22. fxg6 $1 {[%emt 0:00:43]} hxg6 {[%emt 0:00:03]} 23. Qg5 {[%emt 0:00:37]} Re6 {[%emt 0:05:56]} (23... Rxe5 $142 24. Rxe5 Re8) 24. Rh4 {[%emt 0:01:44]} Rxe5 {[%emt 0:00:09]} 25. Qxe5 {[%emt 0:00:07]} Qg7 {[%emt 0:00:05]} 26. Qxc5 {[%emt 0:01:32]} Re8 {[%emt 0:00:34]} 27. Qxd4 {[%emt 0:01:28]} Qxd4+ {[%emt 0:00:47]} 28. Rxd4 {[%emt 0:00:06]} Bh3 {[%emt 0:00:02]} 29. Rf3 {[%emt 0:00:16]} Be6 {[%emt 0:00:37]} 30. c4 {[%emt 0:00:44]} c5 {[%emt 0:00:11]} 31. Rd6 {[%emt 0:00:18]} Bg4 {[%emt 0:00:10]} 32. Rf2 {[%emt 0:01:44]} Bh3 {[%emt 0:00:05]} 33. Rd2 {[%emt 0:00:14]} Re1+ {[%emt 0:00:30]} 34. Kf2 {[%emt 0:00:03]} Ra1 {[%emt 0:00:04]} 35. b3 {[%emt 0:00:30]} g5 {[%emt 0:00:04]} 36. Rd5 {[%emt 0:00:39]} g4 {[%emt 0:01:12]} 37. Rxc5 $18 {[%emt 0:00:18]} f5 {[%emt 0:00:10]} 38. Kg3 {[%emt 0:02:32]} Rg1+ {[%emt 0:00:09]} 39. Kf4 {[%emt 0:00:27]} Rf1+ {[%emt 0:00:04]} 40. Kg5 {[%emt 0:00:07]} f4 {[%emt 0:00:03]} 41. Kg6 {[%emt 0:00:09]} g3 {[%emt 0:00:04]} 42. Re2 {[%emt 0:00:48]} Bd7 {[%emt 0:01:29]} 43. Rc8+ {[%emt 0:01:05]} 1-0

[Event "22nd Alekhine FIDE 2018"]
[Site "Voronezh"]
[Date "2018.06.19"]
[Round "8"]
[White "Kitaev, Roman"]
[Black "Kulpin, Dmitriy"]
[Result "1-0"]
[WhiteElo "2031"]
[BlackElo "1954"]
[Annotator "NA RC"]
[PlyCount "77"]
[EventDate "2018.??.??"]
[EventType "swiss"]
[EventCountry "RUS"]
[SourceTitle "playchess.com"]
[Source "ChessBase"]
[SourceQuality "1"]
[TimeControl "5400+30"]

{[%evp 10,77,37,13,39,32767,32767,32767,15,32767,32767,17,32767,21,34,41,29,25,19,12,54,54,58,37,38,32767,61,46,37,36,43,33,36,27,24,8,24,19,37,0,12,0,21,9,33,0,32767,32767,32767,32767,32767,12,6,-41,-37,-23,32767,-9,58,24,32767,85,78,80,192,171,205,229,29983,29987]} 1. e4 c5 2. Nf3 e6 3. d4 cxd4 4. Nxd4 Nc6 5. Nb5 d6 6. c4 a6 7. N5c3 Nf6 8. Na3 Be7 9. Be2 O-O 10. O-O b6 11. Be3 Rb8 12. Rc1 Bb7 13. f3 Re8 14. Nc2 {LiveBook: 3 Games} Qc7 15. Qd2 Red8 16. Nd4 Nxd4 17. Bxd4 Nd7 18. Rfd1 Rbc8 19. Bf1 Qb8 20. Qf2 Bc6 21. a4 Nc5 22. Qc2 a5 23. b3 Qb7 24. Qb2 Bf8 25. Kh1 Rd7 26. Ra1 Na6 27. Nd5 exd5 28. cxd5 Bxd5 29. Bxa6 Qxa6 30. exd5 Rdc7 31. Rd2 b5 32. h3 Qb7 33. b4 bxa4 (33... axb4 $11 34. Qxb4 Ra8) 34. bxa5 Qa6 35. Rxa4 Rc1+ 36. Kh2 g6 ({Better is} 36... Qf1 $14) 37. Re2 Bh6 38. Bf6 Bf4+ (38... R1c4 $18 39. Rxc4 Qxc4) 39. Rxf4 1-0

[Event "22nd Alekhine FIDE 2018"]
[Site "Voronezh"]
[Date "2018.06.20"]
[Round "9"]
[White "Novikov, Sergey D"]
[Black "Kitaev, Roman"]
[Result "*"]
[WhiteElo "2180"]
[BlackElo "2031"]
[Annotator "TA"]
[PlyCount "30"]
[EventDate "2018.??.??"]
[EventType "swiss"]
[EventCountry "RUS"]
[SourceTitle "playchess.com"]
[Source "ChessBase"]
[SourceQuality "1"]

{[%evp 15,30,10,9,13,13,7,13,0,20,15,34,29,30,34,34,27,67]} 1. d4 Nf6 2. c4 e5 3. dxe5 Ng4 4. Nf3 Bc5 5. e3 Nc6 6. Bd2 Ngxe5 7. Nxe5 Nxe5 8. Bc3 Qe7 $1 {LiveBook: 3 Games} 9. Be2 {A52: Budapest Gambit} O-O 10. Nd2 (10. O-O a5 11. Bd4 Ra6 12. Bxc5 Qxc5 13. Qd4 Qe7 14. Nc3 {½-½ (14) Aranha Filho,A (2331)-Matsuura,E (2478) Caioba 2017}) 10... d6 11. Nf3 {The position is equal.} c6 $146 ({Predecessor:} 11... a5 12. O-O Bf5 13. Qd2 a4 14. Rfd1 Rfe8 15. Bd4 Bxd4 16. Nxd4 Bg4 17. Bxg4 Nxg4 18. Nf3 Ne5 19. Nxe5 Qxe5 20. Qd4 Ra5 21. b4 Qxd4 22. Rxd4 Rae5 23. Rad1 {½-½ (23) Kiesslich,B-Gagelmann,A Goerlitz 1998}) 12. O-O Nxf3+ 13. Bxf3 Be6 14. Qe2 Rfd8 15. Rfd1 Qg5 *

[Event "22nd Alekhine FIDE 2018"]
[Site "Voronezh"]
[Date "2018.06.20"]
[Round "9"]
[White "Lukovnikov, Alexander"]
[Black "Ilyina, Lada"]
[Result "1/2-1/2"]
[WhiteElo "2153"]
[BlackElo "2031"]
[Annotator "TA"]
[PlyCount "24"]
[EventDate "2018.??.??"]
[EventType "swiss"]
[EventCountry "RUS"]
[SourceTitle "playchess.com"]
[Source "ChessBase"]
[SourceQuality "1"]

{[%evp 18,24,-8,-22,-10,-34,-5,-20,-15]} 1. e4 e6 2. d4 d5 3. Nc3 Nf6 4. e5 Nfd7 5. Nf3 c5 6. dxc5 Nc6 7. Bf4 Bxc5 8. Bd3 a6 9. a3 {C11: French: Classical System: 4 e5 and 4 Bg5 dxe4} (9. Qe2 h6 10. O-O-O b5 11. g4 Qa5 12. g5 hxg5 13. Nxg5 Bb7 14. Bg6 fxg6 15. Nxe6 Ne7 16. Qg4 Bb4 17. Ne4 dxe4 18. Nxg7+ Kf8 19. Ne6+ Ke8 20. Ng7+ Kf8 21. Ne6+ Ke8 22. Ng7+ {½-½ (22) Llaneza Vega,M (2416)-Baron,T (2547) Escaldes 2017}) 9... b5 {[%cal Bb7b5,Bb5b4][%mdl 32]} 10. O-O {LiveBook: 3 Games} Bb7 11. Qd2 Be7 12. a4 $146 ({Predecessor:} 12. Rfe1 Nb6 13. a4 b4 14. Nd1 a5 15. Bb5 Qc7 16. Ne3 Ba6 17. Bxa6 Rxa6 {1-0 (27) Cornette,M (2325)-Laznicka,V (2438) Pula 2003}) 12... b4 1/2-1/2

[Event "22nd Alekhine FIDE 2018"]
[Site "Voronezh"]
[Date "2018.06.20"]
[Round "9"]
[White "Manukovsky, Vladimir"]
[Black "Katkov, Vitaly"]
[Result "1-0"]
[WhiteElo "2146"]
[BlackElo "2018"]
[Annotator "TA"]
[PlyCount "55"]
[EventDate "2018.??.??"]
[EventType "swiss"]
[EventCountry "RUS"]
[SourceTitle "playchess.com"]
[Source "ChessBase"]
[SourceQuality "1"]

{[%evp 9,55,9,19,-5,60,49,54,64,92,87,60,-171,110,94,127,128,132,137,176,169,220,183,215,220,222,220,293,270,340,339,337,327,344,344,352,358,474,454,496,487,491,491,514,495,490,467,677,681]} 1. e4 a6 2. Nc3 (2. Nf3 b5 3. a4 b4 4. d4 Bb7 5. Bd3 e6 6. O-O Nf6 7. Re1 d5 8. e5 Nfd7 9. Nbd2 c5 10. Nf1 {1-0 (27) Vachier Lagrave,M (2795)-Xiong,J (2652) chess.com INT 2017}) 2... b5 3. d4 Bb7 4. Bd3 e6 5. f4 Nf6 6. Qe2 {B00: Queen's Fianchetto Defence, Nimzowitsch Defence} d6 $146 ({Black should play} 6... Nc6 $11) ({Predecessor:} 6... Nc6 7. Nf3 Nb4 8. e5 Nxd3+ 9. Qxd3 Nd5 {½-½ (36) Fumy,J (1495)-Pfeilsticker,T (1307) Ditzingen 2006}) 7. Nf3 $14 Be7 8. O-O {White is slightly better.} c5 9. dxc5 dxc5 {Threatens to win with ...c4.} 10. Rd1 $2 {[#]} (10. e5 $1 $14 {keeps the upper hand.} Nd5 11. Nxd5 Bxd5 12. b3) 10... O-O $2 (10... c4 $1 $19 11. Bxc4 Qb6+ 12. Be3 Bc5 13. Bxb5+ axb5 14. Bxc5 Qxc5+ 15. Nd4 b4 16. Qb5+ Qxb5 17. Ncxb5 Ke7) 11. Bxb5 $16 Qb6 12. Bc4 $36 {[%mdl 2048] White is on the roll.} Nc6 13. e5 Ne8 14. b3 Nc7 (14... Nd4 $142 15. Nxd4 cxd4) 15. Be3 Rad8 16. Na4 Qa7 17. Qf2 Nd5 18. Bxd5 Rxd5 19. Rxd5 exd5 20. Bxc5 Qa8 21. Rd1 Rd8 22. Nb6 Qb8 23. Nxd5 {White is clearly winning.} Bxc5 24. Qxc5 h6 25. c4 Qc8 26. h3 Kh8 27. Nd4 Qd7 (27... Nxd4 $142 28. Qxc8 Bxc8 29. Rxd4 f6) 28. Nxc6 {Precision: White = 73%, Black = 27%.} 1-0

[Event "22nd Alekhine FIDE 2018"]
[Site "Voronezh"]
[Date "2018.06.20"]
[Round "9"]
[White "Garafutdinov, Ainur"]
[Black "Beldyugin, Alexey"]
[Result "1/2-1/2"]
[WhiteElo "2122"]
[BlackElo "2113"]
[Annotator "TA"]
[PlyCount "83"]
[EventDate "2018.??.??"]
[EventType "swiss"]
[EventCountry "RUS"]
[SourceTitle "playchess.com"]
[Source "ChessBase"]
[SourceQuality "1"]

{[%evp 10,83,108,101,100,73,72,61,128,60,141,108,105,103,119,76,80,79,55,63,93,65,64,-49,-39,-31,-31,-35,-7,-20,-33,-59,-61,-81,-81,-116,-110,-165,-199,-206,-113,-125,-64,-76,-72,-76,-58,-57,0,0,0,0,0,0,0,0,0,0,0,0,0,0,0,0,0,0,0,0,0,0,0,0,0,0,0,0]} 1. e4 d6 2. d4 g6 3. Nc3 Bg7 4. Be3 Nd7 5. Qd2 e5 6. O-O-O {LiveBook: 5 Games} exd4 {B06: Modern Defence} (6... a6 7. dxe5 Nxe5 8. f4 Nc6 9. h3 Nge7 10. g4 h5 11. g5 b5 12. Nf3 Bb7 13. Nh4 Qd7 14. Bg2 {1-0 (37) Guerra Mendez,J (2505)-Montilla Carrillo,E (2261) Sitges 2013}) 7. Bxd4 Ngf6 8. g4 {[%cal Bg2g4,Bg4g5][%mdl 32]} h6 $146 ({Black should play} 8... c5 $14 9. Bxf6 Qxf6) ({Predecessor:} 8... O-O 9. f3 a6 10. h4 h5 11. g5 Ne8 12. f4 f5 13. Nf3 Bxd4 14. Qxd4 c5 15. Qd5+ Kh8 16. Bc4 {1-0 (16) Qalichava,A-Babazada,K (1585) Batumi 2014}) 9. h4 ({Better is} 9. f3 $16) 9... Nf8 (9... c5 $14 10. Bxf6 Qxf6) 10. Be2 Ne6 11. Be3 $1 h5 12. g5 Ng4 13. f4 {Hoping for Bxg4.} Nxe3 14. Qxe3 O-O {[%cal Be8g8,Bg8h7,Bh7g7][%mdl 32]} 15. f5 Bxc3 $1 16. fxe6 (16. bxc3 $6 Nc5 $15) (16. Qxc3 $14 Nc5 17. fxg6 fxg6 18. b4) 16... Bg7 $1 $15 17. exf7+ Kh7 ({But not} 17... Rxf7 $2 18. Bc4 $18) 18. Nh3 Bxh3 19. Rxh3 {Black must now prevent Rf1.} (19. Qxh3 $5 {[%cal Re2h5]} Rxf7 20. Qb3 $11) 19... Rxf7 20. e5 Bxe5 21. Qd3 {[#] Threatens to win with Bxh5.} Kg7 $1 22. Bf3 Qe8 23. Bxb7 (23. a3 $17) 23... Rb8 $19 24. Qa6 c5 (24... Qe6 $19 25. Rb3 Qg4) 25. Rb3 $17 {[#]} c4 $1 {[%mdl 512]} 26. Bc6 $15 (26. Qxc4 Rbxb7) 26... Qc8 ({Reject} 26... Bf4+ $6 27. Kb1 $14) 27. Qxc4 Rxb3 28. axb3 Rc7 (28... Rf4 $1 $15 29. Qd5 Rxh4) 29. Rf1 $11 {The position is equal.} Rxc6 30. Qf7+ Kh8 31. Qxg6 {And now Rf7 would win.} Rc7 32. Kb1 Rh7 33. Rf7 {[%csl Gg6][%cal Rf7h7]} Qg8 34. Rxh7+ Qxh7 35. Qe8+ Kg7 36. Qe7+ Kg6 37. Qe6+ Kg7 38. Qe7+ Kg8 (38... Kg6 $5 {[%cal Rh7e7]} 39. Qe6+ Kg7 $11) 39. Qe8+ Kg7 40. Qe7+ Kg6 41. Qe6+ Kg7 42. Qe7+ {Precision: White = 53%, Black = 56%.} 1/2-1/2

[Event "22nd Alekhine FIDE 2018"]
[Site "Voronezh"]
[Date "2018.06.20"]
[Round "9"]
[White "Abramov, Ilya"]
[Black "Kuzmin, Roman"]
[Result "1/2-1/2"]
[WhiteElo "2089"]
[BlackElo "1963"]
[Annotator "NA RC"]
[PlyCount "28"]
[EventDate "2018.??.??"]
[EventType "swiss"]
[EventCountry "RUS"]
[SourceTitle "playchess.com"]
[Source "ChessBase"]
[SourceQuality "1"]
[TimeControl "5400+30"]

{[%evp 8,27,30,15,33,2,43,23,43,19,14,1,29,10,53,13,41,65,119,99,120,116]} 1. d4 {[%emt 0:00:13]} Nf6 {[%emt 0:00:04]} 2. c4 {[%emt 0:00:02]} g6 {[%emt 0:00:14]} 3. Nc3 {[%emt 0:00:24]} d5 {[%emt 0:00:09]} 4. Bf4 {[%emt 0:01:28]} Bg7 {[%emt 0:00:53]} 5. e3 {[%emt 0:00:02]} O-O {[%emt 0:00:34]} 6. Nf3 {[%emt 0:00:31]} c6 {[%emt 0:01:26]} 7. h3 {[%emt 0:00:35]} Nbd7 {[%emt 0:11:38]} 8. Bd3 {[%emt 0:05:02] LiveBook: 3 Games} dxc4 {[%emt 0:00:11]} 9. Bxc4 {[%emt 0:00:01]} Nb6 {[%emt 0:00:18]} 10. Bd3 {[%emt 0:02:39]} Nbd5 {[%emt 0:00:22]} 11. Be5 {[%emt 0:00:49]} Qb6 {[%emt 0:10:51]} 12. Qd2 {[%emt 0:09:54]} a5 {[%emt 0:08:30]} ({Besser ist} 12... Bf5 $14) 13. e4 {[%emt 0:03:05]} Nb4 {[%emt 0:04:28]} 14. Bc4 $16 Rd8 1/2-1/2

[Event "22nd Alekhine FIDE 2018"]
[Site "Voronezh"]
[Date "2018.06.20"]
[Round "9"]
[White "Zisin, Oleg"]
[Black "Efendiev, Enver"]
[Result "1/2-1/2"]
[WhiteElo "2012"]
[BlackElo "1948"]
[Annotator "NA RC"]
[PlyCount "44"]
[EventDate "2018.??.??"]
[EventType "swiss"]
[EventCountry "RUS"]
[SourceTitle "playchess.com"]
[Source "ChessBase"]
[SourceQuality "1"]
[TimeControl "5400+30"]

{[%evp 8,28,50,29,32,28,57,26,53,35,19,10,8,0,18,7,17,14,10,32767,32767,-75,-73]} 1. e4 e5 2. Nf3 Nc6 3. Bb5 f5 4. d3 fxe4 5. dxe4 Nf6 6. O-O Bc5 7. Nc3 O-O 8. Bg5 d6 {LiveBook: 49 Games} 9. Bc4+ Kh8 10. Nd5 Bg4 11. Nxf6 gxf6 12. Bh6 Rg8 13. Bxg8 Qxg8 14. Be3 {[#]} (14. Kh1 $14 {bleibt weiter vorne.}) 14... f5 $17 15. h3 Bh5 16. Bxc5 fxe4 17. Qd2 Bxf3 18. g3 dxc5 19. c3 Rd8 20. Qc1 Rd6 21. Re1 Rg6 22. Kh2 Qe6 1/2-1/2

[Event "22nd Alekhine FIDE 2018"]
[Site "Voronezh"]
[Date "2018.06.20"]
[Round "9"]
[White "Tikhonov, Viacheslav"]
[Black "Tverdokhleb, Aleksandr"]
[Result "1-0"]
[WhiteElo "1993"]
[BlackElo "1889"]
[Annotator "NA RC"]
[PlyCount "29"]
[EventDate "2018.??.??"]
[EventType "swiss"]
[EventCountry "RUS"]
[SourceTitle "playchess.com"]
[Source "ChessBase"]
[SourceQuality "1"]
[TimeControl "5400+30"]

{[%evp 8,25,26,35,34,32,29,31,72,54,80,71,88,67,71,58,83,39,65,75]} 1. d4 {[%emt 0:00:00]} d5 {[%emt 0:00:55]} 2. c4 {[%emt 0:00:00]} dxc4 {[%emt 0:00:06]} 3. Nf3 {[%emt 0:00:00]} Nf6 {[%emt 0:00:25]} 4. e3 {[%emt 0:00:04]} e6 {[%emt 0:01:16]} 5. Bxc4 {[%emt 0:00:11]} c5 {[%emt 0:01:17]} 6. O-O {[%emt 0:00:07]} cxd4 {[%emt 0:01:09]} 7. exd4 {[%emt 0:06:25]} Nbd7 {[%emt 0:04:01]} 8. Nc3 {[%emt 0:00:31]} Nb6 {[%emt 0:03:18]} 9. Bb3 {[%emt 0:00:10]} Be7 {[%emt 0:00:44]} 10. Qe2 {[%emt 0:04:13]} O-O {[%emt 0:01:51]} 11. Rd1 {[%emt 0:03:47]} Nbd5 {[%emt 0:22:33] LiveBook: 3 Games} 12. Bg5 {[%emt 0:03:37]} Re8 {[%emt 0:07:41]} 13. Ne5 $16 {[%emt 0:08:22]} Bd7 {[%emt 0:07:10]} 14. Rd3 {[%emt 0:16:25]} Rc8 15. Rh3 1-0